[Event "GER-ch Seniors"]
[Site "Dresden"]
[Date "2012.08.15"]
[Round "7"]
[White "Knaak, Hans"]
[Black "Zanger, Konrad"]
[Result "1/2-1/2"]
[WhiteElo "1735"]
[BlackElo "1809"]
[PlyCount "113"]
[EventDate "2012.08.09"]
[EventType "swiss"]
[EventRounds "9"]
[EventCountry "GER"]
[SourceTitle "EXT 2014"]
[Source "ChessBase"]
[SourceDate "2013.11.20"]
[SourceVersion "1"]
[SourceVersionDate "2013.11.20"]
[SourceQuality "1"]

1. d4 Nf6 2. c4 g6 3. Nc3 Bg7 4. e4 d6 5. f3 0-0 6. Bd3 Nfd7 7. Be3 b6 8. Nge2 c5 9. 0-0 Nc6 10. dxc5 dxc5 11. Qd2 Nde5 12. Rad1 Ba6 13. b3 e6 14. Bb1 Qxd2 15. Rxd2 Nxc4 16. bxc4 Bxc4 17. Rfd1 e5 18. Kf2 f5 19. exf5 gxf5 20. Rd6 Nb4 21. g3 Rfe8 22. a3 Na6 23. Bxf5 Rf8 24. Be4 Rac8 25. Bd5+ Bxd5 26. R6xd5 Nc7 27. Rd7 a6 28. Nd5 Nxd5 29. R7xd5 Rfe8 30. Rd6 b5 31. Rxa6 c4 32. Nc3 Rb8 33. Rd5 b4 34. axb4 Rxb4 35. Ne4 Rb2+ 36. Kg1 Rb3 37. Kf2 Rb2+ 38. Rd2 Reb8 39. Ra2 Rb1 40. Nc3 Rh1 41. Kg2 Re1 42. Re2 Rxe2+ 43. Rxe2 Rb3 44. Nd5 c3 45. Rc2 Rb2 46. Rxb2 cxb2 47. Nc3 e4 48. Nb1 exf3+ 49. Kxf3 Kf7 50. Ke4 Ke6 51. Bd4 Bxd4 52. Kxd4 Kf5 53. Kc3 Kg4 54. Kxb2 Kh3 55. Nd2 Kxh2 56. Ne4 Kh3 57. Kc3 1/2-1/2

[Event "GER-ch Seniors"]
[Site "Dresden"]
[Date "2012.08.09"]
[Round "1"]
[White "Smits, Oswald"]
[Black "Zanger, Konrad"]
[Result "1/2-1/2"]
[WhiteElo "1922"]
[BlackElo "1809"]
[PlyCount "122"]
[EventDate "2012.08.09"]
[EventType "swiss"]
[EventRounds "9"]
[EventCountry "GER"]
[SourceTitle "EXT 2014"]
[Source "ChessBase"]
[SourceDate "2013.11.20"]
[SourceVersion "1"]
[SourceVersionDate "2013.11.20"]
[SourceQuality "1"]

1. d4 Nf6 2. Nf3 g6 3. Nc3 c6 4. e4 d6 5. h3 Bg7 6. Bc4 e6 7. 0-0 b5 8. Bd3 b4 9. Ne2 Ba6 10. Bxa6 Nxa6 11. Qd3 Nc7 12. Bg5 h6 13. Bxf6 Bxf6 14. Qc4 Qd7 15. Qxb4 0-0 16. Qd2 Bg7 17. c3 Rab8 18. a4 Na8 19. Rab1 Rfd8 20. Rfd1 Nb6 21. b3 Qb7 22. Qc2 Nd7 23. Ne1 Rbc8 24. f4 c5 25. d5 e5 26. f5 Nf8 27. Ng3 Qe7 28. Nf3 Bf6 29. Qd2 Kh7 30. Rf1 Kg7 31. Qf2 Nh7 32. h4 Rf8 33. h5 g5 34. Nh2 Qb7 35. Ng4 Rb8 36. Qe2 a5 37. Ne3 Be7 38. Ng4 f6 39. Ne3 Qa7 40. Kh1 Rb7 41. Qc4 Rb6 42. Ne2 Rfb8 43. g4 Nf8 44. Nc2 Nd7 45. Na3 R6b7 46. Nb5 Qa6 47. Nc1 Qb6 48. Na2 Qd8 49. Rfc1 Nb6 50. Qd3 Qc8 51. Qd1 Qd8 52. Na3 Qd7 53. Nb5 Na8 54. b4 Nc7 55. bxc5 dxc5 56. c4 Bd6 57. Nac3 Na6 58. Nxd6 Qxd6 59. Nb5 Qd7 60. Qd2 Nb4 61. Qe3 Ra8 1/2-1/2

[Event "GER-ch Seniors 22nd"]
[Site "Berlin"]
[Date "2010.08.22"]
[Round "7"]
[White "Kolkwitz, Klaus"]
[Black "Zanger, Konrad"]
[Result "1/2-1/2"]
[WhiteElo "1742"]
[BlackElo "1591"]
[PlyCount "80"]
[EventDate "2010.08.16"]
[EventType "swiss"]
[EventRounds "9"]
[EventCountry "GER"]
[SourceTitle "CBM 138 Extra"]
[Source "ChessBase"]
[SourceDate "2010.10.29"]
[SourceVersion "1"]
[SourceVersionDate "2010.10.29"]
[SourceQuality "1"]

1. d4 Nf6 2. Bf4 d6 3. Nf3 g6 4. e3 Bg7 5. Be2 0-0 6. Nbd2 Nbd7 7. 0-0 b6 8. c4 Bb7 9. Rc1 h6 10. b4 Nh5 11. Qb3 Rb8 12. Bd3 Nxf4 13. exf4 Kh7 14. f5 c5 15. dxc5 bxc5 16. Nh4 Ne5 17. fxg6+ fxg6 18. b5 e6 19. g3 Bf6 20. Ng2 Kg7 21. Nf4 Qe8 22. Qc2 Bg5 23. Be4 Bxf4 24. Bxb7 Bxd2 25. Qxd2 Rxb7 26. Qxd6 Nf3+ 27. Kg2 Rd7 28. Qxc5 Qa8 29. Qc6 Qxc6 30. bxc6 Rc7 31. Rc3 Nd4 32. Rd1 Nxc6 33. Rd6 Kf7 34. Rf3+ Ke7 35. Rxe6+ Kxe6 36. Rxf8 Ne7 37. Rf4 g5 38. Re4+ Kd6 39. h4 Rc5 40. hxg5 hxg5 1/2-1/2

[Event "Sachsen-ch Seniors op 17th"]
[Site "Dresden"]
[Date "2009.02.17"]
[Round "9"]
[White "Hellwege, Werner"]
[Black "Zanger, Konrad"]
[Result "1/2-1/2"]
[WhiteElo "1883"]
[BlackElo "1596"]
[PlyCount "47"]
[EventDate "2009.02.09"]
[EventType "swiss"]
[EventRounds "9"]
[EventCountry "GER"]
[SourceTitle "EXT 2022"]
[Source "ChessBase"]
[SourceDate "2021.10.06"]
[SourceVersion "1"]
[SourceVersionDate "2021.10.06"]
[SourceQuality "1"]

1. d4 Nf6 2. c4 e6 3. Nf3 Be7 4. g3 0-0 5. Bg2 c6 6. 0-0 d5 7. Qc2 Nbd7 8. Rd1 Nb6 9. Ne5 Nbd7 10. f4 dxc4 11. Qxc4 Nb6 12. Qc2 Nfd5 13. a3 f6 14. Nf3 Bd7 15. e4 Nc7 16. b4 Be8 17. Nc3 a5 18. bxa5 Rxa5 19. Ne2 Qa8 20. Qb3 Rb5 21. Qa2 Ra5 22. Qb3 Rb5 23. Qd3 Ra5 24. Ne1 1/2-1/2

[Event "Sachsen-ch Seniors op 17th"]
[Site "Dresden"]
[Date "2009.02.15"]
[Round "7"]
[White "Klugert, Eberhard"]
[Black "Zanger, Konrad"]
[Result "1/2-1/2"]
[WhiteElo "1315"]
[BlackElo "1596"]
[PlyCount "97"]
[EventDate "2009.02.09"]
[EventType "swiss"]
[EventRounds "9"]
[EventCountry "GER"]
[SourceTitle "EXT 2022"]
[Source "ChessBase"]
[SourceDate "2021.10.06"]
[SourceVersion "1"]
[SourceVersionDate "2021.10.06"]
[SourceQuality "1"]

1. d4 d5 2. e3 Nf6 3. f4 e6 4. Nf3 Nbd7 5. Bd3 c5 6. c3 Be7 7. Nbd2 cxd4 8. exd4 g6 9. 0-0 0-0 10. Ne5 a6 11. Qe2 Nh5 12. g4 Ng7 13. Bc2 Nxe5 14. fxe5 Bd7 15. Nf3 Bb5 16. Bd3 Bc6 17. Bh6 b5 18. Rf2 Bh4 19. Rg2 Be7 20. Rf1 Bd7 21. Qe3 f6 22. exf6 Bxf6 23. g5 Be7 24. Bxg7 Kxg7 25. Qe5+ Kg8 26. Rg3 Ra7 27. h4 Qc7 28. Qe1 Bd6 29. Rg2 e5 30. dxe5 Bc5+ 31. Kh2 Qc8 32. Rg3 Bf5 33. Qe2 Raf7 34. Re1 Qe6 35. Nd4 Bxd4 36. cxd4 Bxd3 37. Qxd3 Rf4 38. Qe3 Rxh4+ 39. Rh3 Rhf4 40. Re2 Qf5 41. e6 Re8 42. e7 Qf7 43. Qg3 Re4 44. Rf2 Qxe7 45. Rh4 Re2 46. Rhf4 Rxf2+ 47. Rxf2 Qe3 48. Rf4 Qe2+ 49. Qf2 1/2-1/2

[Event "EU-chT Seniors 09th"]
[Site "Dresden"]
[Date "2007.02.23"]
[Round "8"]
[White "Zanger, Konrad"]
[Black "Duemmke, Juergen"]
[Result "0-1"]
[WhiteElo "1801"]
[BlackElo "2080"]
[PlyCount "130"]
[EventDate "2007.02.16"]
[EventType "team-swiss"]
[EventRounds "9"]
[EventCountry "GER"]
[SourceTitle "CBM 117 Extra"]
[Source "ChessBase"]
[SourceDate "2007.05.09"]
[SourceVersion "1"]
[SourceVersionDate "2007.05.09"]
[SourceQuality "1"]

1. d4 Nf6 2. c4 g6 3. Nc3 d5 4. e3 Bg7 5. Nf3 0-0 6. a3 b6 7. b4 Bb7 8. c5 Nbd7 9. Bb2 Ne4 10. Be2 Nxc3 11. Bxc3 bxc5 12. Rc1 c4 13. 0-0 e6 14. Nd2 f5 15. f4 Nf6 16. h3 Qd7 17. Nf3 Ne4 18. Kh2 Nxc3 19. Rxc3 a5 20. Ne5 Bxe5 21. dxe5 Qb5 22. bxa5 Qxa5 23. Qc1 Bc6 24. g4 Rab8 25. gxf5 exf5 26. h4 Rb1 27. Qd2 Rb3 28. Rfc1 Rfb8 29. Kg3 Rxc3 30. Qxc3 Qxc3 31. Rxc3 Ba4 32. Kf2 Rb2 33. Ke1 Kf7 34. h5 Bb3 35. hxg6+ hxg6 36. Rc1 Ra2 37. Kf2 Bc2 38. Kf3 Be4+ 39. Kf2 Bd3 40. Re1 Rxa3 41. Bxd3 Rxd3 42. Ke2 Ra3 43. Rh1 Ra2+ 44. Kf3 Kg7 45. Rb1 Ra6 46. Rb5 Rc6 47. Rxd5 c3 48. Rd1 g5 49. fxg5 Kg6 50. e4 c2 51. exf5+ Kxf5 52. Rc1 Rc3+ 53. Ke2 Kxg5 54. Kd2 Rc5 55. Kd3 Rd5+ 56. Ke4 Rd2 57. Ke3 Rh2 58. Ke4 c6 59. Kd4 Kf5 60. Rf1+ Ke6 61. Rc1 Rg2 62. Kc5 Kxe5 63. Kxc6 Kd4 64. Ra1 Kc3 65. Ra5 c1Q 0-1

[Event "EU-chT Seniors 09th"]
[Site "Dresden"]
[Date "2007.02.22"]
[Round "7"]
[White "Standal, Bard"]
[Black "Zanger, Konrad"]
[Result "1/2-1/2"]
[WhiteElo "1923"]
[BlackElo "1801"]
[PlyCount "52"]
[EventDate "2007.02.16"]
[EventType "team-swiss"]
[EventRounds "9"]
[EventCountry "GER"]
[SourceTitle "CBM 117 Extra"]
[Source "ChessBase"]
[SourceDate "2007.05.09"]
[SourceVersion "1"]
[SourceVersionDate "2007.05.09"]
[SourceQuality "1"]

1. Nf3 Nf6 2. d3 e6 3. Nbd2 d5 4. e4 dxe4 5. dxe4 Be7 6. g3 0-0 7. Bg2 c6 8. 0-0 Na6 9. a3 Qc7 10. Qe2 e5 11. Re1 Nd7 12. h4 Bf6 13. Nf1 Ndc5 14. N1h2 Ne6 15. c3 Nac5 16. b4 Nb3 17. Rb1 Nxc1 18. Rbxc1 a5 19. Ra1 b6 20. Qc4 Kh8 21. Bh3 Nd8 22. Bxc8 Qxc8 23. Kg2 Qe6 24. Qxe6 Nxe6 25. Ng4 Nc7 26. Ne3 b5 1/2-1/2

[Event "EU-chT Seniors 09th"]
[Site "Dresden"]
[Date "2007.02.21"]
[Round "6"]
[White "Zanger, Konrad"]
[Black "Jaeger, Erich"]
[Result "1/2-1/2"]
[WhiteElo "1801"]
[BlackElo "2047"]
[PlyCount "25"]
[EventDate "2007.02.16"]
[EventType "team-swiss"]
[EventRounds "9"]
[EventCountry "GER"]
[SourceTitle "CBM 117 Extra"]
[Source "ChessBase"]
[SourceDate "2007.05.09"]
[SourceVersion "1"]
[SourceVersionDate "2007.05.09"]
[SourceQuality "1"]

1. d4 Nf6 2. c4 g6 3. Nc3 Bg7 4. e4 d6 5. Nf3 0-0 6. Be2 Nbd7 7. 0-0 e5 8. Be3 c6 9. Qd2 Ng4 10. h3 Nxe3 11. Qxe3 Qe7 12. d5 c5 13. Ne1 1/2-1/2

[Event "EU-chT Seniors 09th"]
[Site "Dresden"]
[Date "2007.02.16"]
[Round "1"]
[White "Gohde, Klaus"]
[Black "Zanger, Konrad"]
[Result "1/2-1/2"]
[WhiteElo "1862"]
[BlackElo "1801"]
[PlyCount "23"]
[EventDate "2007.02.16"]
[EventType "team-swiss"]
[EventRounds "9"]
[EventCountry "GER"]
[SourceTitle "CBM 117 Extra"]
[Source "ChessBase"]
[SourceDate "2007.05.09"]
[SourceVersion "1"]
[SourceVersionDate "2007.05.09"]
[SourceQuality "1"]

1. e4 e5 2. Nf3 Nc6 3. Bc4 h6 4. c3 Bc5 5. d4 exd4 6. cxd4 Bb4+ 7. Bd2 Bxd2+ 8. Nbxd2 d6 9. 0-0 Nf6 10. Re1 0-0 11. Rc1 a6 12. Bb3 1/2-1/2

[Event "EU-chT Seniors 08th"]
[Site "Dresden"]
[Date "2006.02.19"]
[Round "3"]
[White "Zanger, Konrad"]
[Black "Kverndal, Leif"]
[Result "1-0"]
[WhiteElo "1785"]
[BlackElo "1956"]
[PlyCount "133"]
[EventDate "2006.02.17"]
[EventType "team-swiss"]
[EventRounds "8"]
[EventCountry "GER"]
[SourceTitle "CBM 111 Extra"]
[Source "ChessBase"]
[SourceDate "2006.05.09"]
[SourceVersion "1"]
[SourceVersionDate "2006.05.09"]
[SourceQuality "1"]
[WhiteTeam "Grossroehrsdorf/BSW"]
[BlackTeam "Norway II"]
[WhiteTeamCountry "GER"]
[BlackTeamCountry "NOR"]

1. d4 Nf6 2. c4 e5 3. e3 e4 4. Nc3 Bb4 5. Bd2 Bxc3 6. Bxc3 0-0 7. Ne2 d5 8. Ng3 c6 9. Be2 Be6 10. b3 a5 11. 0-0 Na6 12. Qc2 Rc8 13. Qd2 a4 14. c5 axb3 15. axb3 Ra8 16. Ra2 Qd7 17. Rfa1 Nc7 18. Ba5 Nb5 19. Bxb5 cxb5 20. Ne2 Qc6 21. Bb6 Rxa2 22. Rxa2 Nd7 23. Ba5 g5 24. Nc3 Nb8 25. Qe2 Bd7 26. Qh5 f6 27. h4 Kh8 28. hxg5 Be8 29. Qh2 Na6 30. gxf6 b4 31. Qe5 Bf7 32. Qe7 Kg8 33. Ne2 Nb8 34. Bc7 Nd7 35. Qd6 Nxf6 36. Qg3+ Bg6 37. Bd6 Nh5 38. Qh4 Re8 39. Nf4 Nxf4 40. Qxf4 Qd7 41. Qg5 b5 42. Qxd5+ Qf7 43. Qxf7+ Bxf7 44. Ra5 Bxb3 45. Rxb5 Bd5 46. Rxb4 Rc8 47. Kh2 Kf7 48. Rb6 h5 49. g3 Ke6 50. Kh3 Re8 51. Kh4 Rh8 52. Rb8 Rxb8 53. Bxb8 Ke7 54. g4 hxg4 55. Kxg4 Ke6 56. Kf4 Bc6 57. Kg5 Bd5 58. Kg6 Bc6 59. Kg7 Bb7 60. Kf8 Bc6 61. Kg7 Bb7 62. Kg6 Bc6 63. Kg5 Bd5 64. Bg3 Bc6 65. Kf4 Bd5 66. f3 exf3 67. e4 1-0

[Event "EU-chT Seniors 07th"]
[Site "Dresden"]
[Date "2005.02.18"]
[Round "1"]
[White "Zanger, Konrad"]
[Black "Petzold, Hans"]
[Result "0-1"]
[WhiteElo "1603"]
[BlackElo "2137"]
[PlyCount "98"]
[EventDate "2005.02.18"]
[EventType "team-swiss"]
[EventRounds "8"]
[EventCountry "GER"]
[SourceTitle "EXT 2006"]
[Source "ChessBase"]
[SourceDate "2005.11.24"]
[SourceVersion "1"]
[SourceVersionDate "2005.11.24"]
[SourceQuality "1"]

1. d4 Nf6 2. Nf3 e6 3. Nbd2 d5 4. g3 c5 5. c3 Nc6 6. Bg2 Qb6 7. e3 Bd7 8. 0-0 Rc8 9. Re1 Be7 10. e4 cxd4 11. exd5 Nxd5 12. c4 Nf6 13. Nb3 0-0 14. Nfxd4 Nxd4 15. Qxd4 Qxd4 16. Nxd4 Rxc4 17. Be3 Bc5 18. Rad1 e5 19. Nb3 Bxe3 20. fxe3 b6 21. Rd2 a5 22. Rf1 Be6 23. Na1 Ne4 24. Bxe4 Rxe4 25. Kf2 a4 26. a3 Rc4 27. Nc2 Rfc8 28. Nb4 Kf8 29. Kg2 Ke7 30. h3 R8c5 31. g4 h5 32. gxh5 Rh4 33. Rf3 Bc8 34. Rg3 Rxh5 35. Kh2 Be6 36. Rc2 Rxc2+ 37. Nxc2 g5 38. Kg2 f6 39. Nb4 Rh4 40. Rf3 Rxb4 41. axb4 Bd5 42. Kg3 Bxf3 43. Kxf3 f5 44. Kg3 Ke6 45. h4 gxh4+ 46. Kxh4 Kd5 47. Kg5 Ke4 48. Kf6 f4 49. exf4 exf4 0-1